000 00407nam a2200169Ia 4500
008 100312t2006 xxu||||| |||| 00| 0 sin d
041 _asin
080 _aX8S31
_bPER
100 _aPeris, RajaSri
245 _aබොර වතුර
246 _aBora Wathura
260 _bSadeepa
_aColombo
_c2006
300 _a156p., 16 cm
942 _cBK
999 _c72643
_d72643
003 LK-CoDNM
040 _aLK-CoDNM
_dLK-CoDNM
_eLK-CoDNM